| 000 | 00409nam a22001457a 4500 | ||
|---|---|---|---|
| 005 | 20230603123351.0 | ||
| 008 | 230224b |||||||| |||| 00| 0 eng d | ||
| 041 | _aeng | ||
| 100 |
_aClement, I. _9119826 |
||
| 245 | _a Practical Record/Cumulative Record for Basic BSc (Nursing) Course | ||
| 260 | _bJaypee Brothers Medical Publisher | ||
| 300 | _a69P. | ||
| 942 | _cCB | ||
| 999 |
_c98296 _d98296 |
||
| 650 |
_aNURSING FOUNDATION _9181730 |
||